Applications of engineering thermodynamics : a tutorial text to final honours degree standard /

Gespeichert in:
Bibliographische Detailangaben
1. Verfasser: Boxer, George
Format: Buch
Sprache:English
Veröffentlicht: London : Macmillan, 1979.
Schlagworte:
LEADER 01196cam a2200313 a 4500
001 c000399308
003 CARM
005 20150727140926.0
008 150727s1979 enka 000 0 eng d
015 |a B7930138 
019 1 |a 1900372  |5 LACONCORD2021 
020 |a 0333243544 (pbk.) :  |c £3.50 
035 |a (OCoLC)9161778  |5 LACONCORD2021 
040 |a BNB  |b eng  |c BNB  |d XNTU 
050 0 0 |a TJ265 
050 4 |a TJ265  |b .B69 1979 
082 0 4 |a 621.4/021/076  |2 19 
100 1 |a Boxer, George. 
245 1 0 |a Applications of engineering thermodynamics :  |b a tutorial text to final honours degree standard /  |c G. Boxer. 
260 |a London :  |b Macmillan,  |c 1979. 
300 |a xiv, 170 p. :  |b ill. ;  |c 24 cm. 
500 |a Text on inside front cover. - With answers. 
650 0 |a Thermodynamics  |x Problems, exercises, etc. 
650 0 |a Heat engineering  |x Problems, exercises, etc. 
852 8 |b CARM  |p 0621294  |f BK 
852 8 |b SCAN  |h A3:AG25B0  |i B12373  |p 0621294  |f BK 
999 f f |i eae3ba24-e3ca-5810-b873-950ae7689b6a  |s 6c3364d9-4a42-5fc3-9264-69a219cdb342 
952 f f |p Can circulate  |a CAVAL  |b CAVAL  |c CAVAL  |d CARM 1 Store  |i book  |m 0621294 
952 f f |a CAVAL  |b CAVAL  |c CAVAL  |d Unmapped Location  |e B12373  |f A3:AG25B0  |h Other scheme